| 000 | 00687nam a2200217Ia 4500 | ||
|---|---|---|---|
| 003 | GCL | ||
| 008 | 140319s9999 xx 000 0 eng d | ||
| 040 |
_aGCL / _cGCL |
||
| 082 | 0 | 4 |
_aREF _b530.03 _bI D |
| 100 | 1 | _aMOHAMAD DEBS | |
| 245 | 1 | 0 |
_aDICTIONARY OF PHYSICS: ENGLISH - FRENCH - ARABIC : _bمعجم الفيزياء : انكليزى - فرنسى - عربى / _cMOHAMAD DEBS |
| 700 | 1 | _aIBRAHIM, HAMMOUDA | |
| 250 | _aFIRST | ||
| 260 |
_aبيروت : _bACADEMIC PRESS LIMITED. ، _c1992 |
||
| 300 |
_a25 CM ؛ _c630 P |
||
| 490 |
_aACADEMIC REFERENCE DICTIONARIES _v0 |
||
| 650 | 0 | 4 | _aPHYSICS |
| 650 | 0 | 4 | _aDICTIONARIES |
| 650 | 0 | 4 | _aPHYSICS - DICTIONARY |
| 942 |
_2ddc _cREF |
||
| 999 |
_c16582 _d16582 |
||